000
00290nam a2200109Ia 4500
008
200302s9999 xx 000 0 und d
100
_a
Moritz Hauschild and other
245
_a
Digital processes Planning design production
260
_b
Birkhauser Verlag Gmbh
260
_c
2011
300
_a
111
999
_c
6191
_d
6191